| 000 | 00424 a2200169 4500 | ||
|---|---|---|---|
| 001 | 0335 | ||
| 005 | 20140414132013.0 | ||
| 050 |
_aTR _bD72 1986 |
||
| 100 | 1 | _aHutchins, Pat | |
| 245 | 1 | 4 |
_aThe doorbell rang. / _cby Pat Hutchins. |
| 260 |
_aNew York : _bScholastic, _c1986. |
||
| 300 | _a1 v.p. : ill. ; cm. | ||
| 650 | 4 |
_aSharing _xFiction. |
|
| 650 | 4 |
_aCookies _xFiction. |
|
| 650 | 4 | _aChildren stories. | |
| 999 |
_c113313 _d113313 |
||